Statistics for Horror Movie Quotes Quiz

Click here to take the quiz!

General Stats

  • This quiz has been taken 35,653 times
    (8,738 since last reset)
  • The average score is 12 of 18

Answer Stats

QuoteMovie% Correct
Heeeeere's Johnny!The Shining
94%
You're gonna need a bigger boatJaws
87%
I see dead peopleThe Sixth Sense
87%
Your phone rings, someone knows you watched the tape... and what they say is,
"You will die in seven days"
The Ring
81%
The power of Christ compels you!The Exorcist
79%
It's ALIVE!!Frankenstein
75%
Whatever you do don't fall asleepA Nightmare on Elm Street
74%
I want to play a gameSaw
71%
A boy's best friend is his motherPsycho
71%
There are certain rules that one must abide by in order to successfully
survive a horror movie. For instance, number one. You can never have sex.
Scream
65%
It rubs the lotion on its skin or else it gets the hose againThe Silence of the Lambs
60%
I saw Death's plan. We cheated him. But what if it was our time?Final Destination
58%
They're hee-rePoltergeist
51%
If you look in the mirror and you say his name 5 times, he'll appear behind youCandyman
50%
I am your number one fan. There is nothing to worry about.Misery
45%
They're all gonna laugh at youCarrie
45%
That's it man, game over man, game over!Aliens
38%
When there’s no more room in Hell, the dead will walk the EarthDawn of the Dead
36%

Score Distribution

Percentile by Number Answered

Percent of People with Each Score

Your Score History

You have not taken this quiz since the last reset